000 00346pab a2200145 454500
008 180718b1983 xxu||||| |||| 00| 0 eng d
100 _aRoy, Tuhin
245 _aPredicaments of consultancy organisations in India
260 _c1983
300 _a45-8
362 _a13 June
650 _aConsultants - India
773 _aCapital
909 _a6564
999 _c6564
_d6564